Picasso not Picasso (Record no. 884)

MARC details
000 - LÍDER
campo de control de longitud fija 00727nam a2200193Ia 4500
008 - ELEMENTOS DE DATOS DE LONGITUD FIJA - INFORMACIÓN GENERAL
campo de control de longitud fija 0000002000 sp a 0000000000spa00
090 ## - NÚMERO DE LLAMADA DE TIPO LC LOCALMENTE ASIGNADO (OCLC)
Número de clasificación (OCLC) (R) PUS00 B32p
100 1# - ENTRADA PRINCIPAL - NOMBRE PERSONAL
Nombre de la persona Bidlo, Mike
Fechas asociadas a un nombre 1953
245 10 - TÍTULO DECLARACIÓN
Título Picasso not Picasso
Resto del título : Mike Bidlo
264 ## - AVISO DE PRODUCCIÓN, PUBLICACIÓN, DISTRIBUCIÓN, FABRICACIÓN Y DERECHOS DE AUTOR
Lugar de producción Madrid : ArsNovaxxI
260 ## - PUBLICACIÓN, DISTRIBUCIÓN
Fecha de publicación 2000
300 ## - DESCRIPCIÓN FÍSICA
Alcance 47 p.
Dimensiones / 30 cm.
500 ## - NOTA GENERAL
Nota general Exposición realizada en Arsnova xxI, Madrid, FebreroAbril, 2000 \ Con el patronazgo del maestro venezolano Jesús Rafael Soto (q.e.p.d.)
600 00 - ENTRADA DE SUJETO AÑADIDO - NOMBRE PERSONAL
Nombre de la persona PICASSO, PABLO, 18811973 CRITICA E INTERPRETACION \ BIDLO, MIKE, 1953/
Subdivisión general TRABAJOS PICTORICOS
650 14 - ENTRADA DE SUJETO AÑADIDO - TÉRMINO TÓPICO
Término tópico o elemento de entrada del nombre geográfico PINTURA ESTADOUNIDENSE
650 14 - ENTRADA DE SUJETO AÑADIDO - TÉRMINO TÓPICO
Subdivisión general CATALOGOS
650 14 - ENTRADA DE SUJETO AÑADIDO - TÉRMINO TÓPICO
Subdivisión general EXPOSICIONES
650 14 - ENTRADA DE SUJETO AÑADIDO - TÉRMINO TÓPICO
Término tópico o elemento de entrada del nombre geográfico PINTORES ESTADOUNIDENSES
Holdings
Estado de retirada Pérdida de estatus Estado dañado No para préstamo Código de recogida Ubicación permanente Ubicación actual Ubicación de las estanterías Fecha de adquisición Número de llamada completo Código de barras Fecha de la última vez que se vio Número de copia Precio efectivo desde Tipo de artículo Koha
        General ArtNexus ArtNexus General 06/09/2022 P-US-00 B32P 884 06/09/2022 Ej.1 06/09/2022 Libro

Powered by Koha